00625nam a22001932 4500001001100000005001700011008004100028020001700069040001500086245009900101250001300200260003100213300002100244650006000265700003400325700003500359700003400394852000300428000002400220151217154507.0130425s xx 000 0 eng d a0199608300 : aKABUcKABU10aOxford handbook of paediatrics /cedited Robert C. Tasker, Robert J. McCure, Carlo L. Acerini. a2nd ed. aOxford :bO. U. P.,c2013. axlviii, 1072 p. 0aPedicitric nursingxhandbooks, manuals etc.@00001804431 aTasker, Robert C.@00001838721 aMcClure, Robert J.@00001838731 aAcerini, Carlo L.@00001838741